Statistics for Oliver Reed Filmography

Click here to take the quiz!

General Stats

  • This quiz has been taken 17 times
    (8 since last reset)
  • The average score is 11 of 129

Answer Stats

TypeYearName% Correct
Film2000Gladiator
75%
Film1968Oliver!
75%
Short Film1992Oliver
75%
Film1969Hannibal Brooks
50%
Film1974The Four Musketeers
50%
Film1975Tommy
50%
Film1969Women in Love
50%
Film1977Crossed Swords
38%
Film1967The Jokers
38%
Film1972The Triple Echo
38%
Film1986Castaway
25%
Film1995Funny Bones
25%
Film1969The Assassination Bureau
25%
Film1960The Bulldog Breed
25%
Film1971The Devils
25%
Film1989The Return of the Musketeers
25%
Film1966The Trap
25%
Film1981Venom
25%
Film1962Captain Clegg
13%
Film1980Dr. Heckyl and Mr. Hype
13%
Film1960Life Is a Circus
13%
Film1981Lion of the Desert
13%
Film1974Mahler
13%
Documentary Series1965Monitor
13%
Film1961No Love for Johnnie
13%
Film1963Paranoiac
13%
TV Mini-Series1993Return to Lonesome Dove
13%
Film1973Revolver
13%
Film1975Royal Flash
13%
Film1988The Adventures of Baron Munchausen
13%
Film1978The Big Sleep
13%
Film1979The Brood
13%
Film1959The Captain's Table
13%
Film1961The Curse of the Werewolf
13%
Film1963The Damned
13%
Film1971The Hunting Party
13%
Film1970The Lady in the Car with Glasses and a Gun
13%
Film1965The Party's Over
13%
TV Show1963, 1964The Saint
13%
Film1967The Shuttered Room
13%
Film1959The Square Peg
13%
Film1983The Sting II
13%
TV Show1959, 1964The Third Man
13%
TV Film1990Treasure Island
13%
Film1955Value for Money
13%
Film1972Z.P.G.
13%
TV Film1990A Ghost in Monte Carlo
0%
Film1974And Then There Were None
0%
Film1977Assault in Paradise
0%
Film1979A Touch of the Sun
0%
Film1960Beat Girl
0%
TV Film1985Black Arrow
0%
Film1988Blind Justice
0%
Film1973Blue Blood
0%
Film1976Burnt Offerings
0%
Film1986Captive
0%
Film1988Captive Rage
0%
TV Mini-Series1985Christopher Columbus
0%
Film1983Clash of Loyalties
0%
Film1981Condorman
0%
TV Show1966Court Martial
0%
TV Film1967Dante's Inferno: The Private Life of Dante Gabriel Rossetti, Poet and Painter
0%
TV Film1996Die Tunnelgangster von Berlin
0%
Film1973Dirty Weekend
0%
Film1987Dragonard
0%
Film1983Fanny Hill
0%
TV Mini-Series1968Film Review
0%
Film1987Gor
0%
Film1960Hello London
0%
Film1990Hired in Kill
0%
Film1961His and Hers
0%
TV Show1965It's Dark Outside
0%
TV Show1962ITV Play of the Week
0%
TV Film1998Jeremiah
0%
TV Show1960Knight Errant Limited
0%
TV Show1987Lift Off
0%
Film1975Lisztomania
0%
Film1995Luise Knackt Den Jackpot
0%
TV Show1983Masquerade
0%
Film1987Master of Dragonard Hill
0%
TV Film1995Oliver 2: Let's Twist Again
0%
Documentary Series1967Omnibus
0%
Film1973One Russian Summer
0%
Film2000Orpheus & Eurydice
0%
Film1990Panama Sugar
0%
Film1999Parting Shots
0%
TV Film1991Prisoner of Honor
0%
TV Show1965R3
0%
Film1988Rage to Kill
0%
Film1995Russian Roulette - Moscow 95
0%
Film1992Severed Ties
0%
Film1972Sitting Target
0%
Film1988Skeleton Coast
0%
Film1983Spasms
0%
Film1960Sword of Sherwood Forest
0%
Film1970Take a Girl Like You
0%
TV Show1961Thank Your Lucky Stars
0%
Film1960The Angry Silence
0%
Film1965The Brigand of Kandahar
0%
Film1996The Bruce
0%
Film1978The Class of Miss MacMichael
0%
Radio Play1995The Death of Alexander Scriabin
0%
TV Show1959The Four Just Men
0%
TV Show1959The Golden Spur
0%
Film1976The Great Scout & Cathouse Thursday
0%
Film1989The House of Usher
0%
Film1998The Incredible Adventures of Marco Polo and His Journeys to the Ends of the Earth
0%
TV Show1958, 1959The Invisible Man
0%
TV Film1988The Lady and the Highwayman
0%
Film1960The League of Gentlemen
0%
Film1978The Mad Trapper
0%
TV Show1986The Max Headroom Show
0%
TV Show1980The Mike Douglas Show
0%
Film1987The Misfit Brigade
0%
Film1975The New Spartans
0%
Film1962The Pirates of Blood River
0%
Film1991The Pit and the Pendulum
0%
Film1961The Rebel
0%
Film1990The Revenger
0%
Film1963The Scarlet Blade
0%
Film1976The Sell Out
0%
Film1964The System
0%
Film1960The Two Faces of Dr. Jekyll
0%
TV Show1987The Wil Shriner Show
0%
Documentary Series1994The World of Hammer
0%
Documentary Series1974-1994This Is Your Life
0%
Film1978Tomorrow Never Comes
0%
Film1983Two of a Kind
0%
Film1959Upstairs and Downstairs
0%

Score Distribution

Percentile by Number Answered

Percent of People with Each Score

Your Score History

You have not taken this quiz since the last reset